Welcome to the Holygrace Academy Library

Please use search bar below to get started

JULIUS CAESAR (Record no. 3607)

MARC details
000 -LEADER
fixed length control field 00258nam a22001217a 4500
082 ## - DEWEY DECIMAL CLASSIFICATION NUMBER
Classification number 823
Item number SHA/W
100 ## - MAIN ENTRY--AUTHOR NAME
Personal name WILLIAM SHAKESPEARE
245 ## - TITLE STATEMENT
Title JULIUS CAESAR
260 ## - PUBLICATION, DISTRIBUTION, ETC. (IMPRINT)
Place of publication THRISSUR
Name of publisher H&C
300 ## - PHYSICAL DESCRIPTION
Number of Pages 65
650 ## - SUBJECT ADDED ENTRY--TOPICAL TERM
Topical Term ENGLISH SHORT STORY
Geographic subdivision KERALA
942 ## - ADDED ENTRY ELEMENTS (KOHA)
Koha item type Books
Holdings
Withdrawn status Lost status Collection code Home library Current library Shelving location Date acquired Source of acquisition Cost, normal purchase price Full call number Accession Number Koha item type
    Fiction Main Library Main Library SHELF 3- E- ENGLISH CHILDRENS LITERATURE &MYTHOLOGY 12/05/2010 PURCHASE 10.00 823 SHA/W 04758 Books
    Fiction Main Library Main Library SHELF 3- E- ENGLISH CHILDRENS LITERATURE &MYTHOLOGY 17/05/2011 PURCHASE 10.00 823 SHA/W 04774 Books